| 000 | 00798nam a2200229Ii 4500 | ||
|---|---|---|---|
| 003 | JO-AjNU | ||
| 008 | 230605s9999||||xx |||||||||||||| ||und|| | ||
| 017 | _a2004/8/1966 | ||
| 020 | _a9957-18-037-1 | ||
| 040 |
_aJO-AjNU _bara _erda _cJO-AjNU |
||
| 041 | _aara | ||
| 050 | 1 | 4 | _aLB3408.S2852 2005 |
| 100 | 3 |
_aالسبول، خالد وليد جودت, _eauthor _935577 |
|
| 245 | 0 | 0 | _aالصحة والسلامة في البيئة المدرسية |
| 250 | _aط1 | ||
| 264 | 3 | 1 | _aعمان:دار المناهج،2005 |
| 300 | _a228ص | ||
| 336 |
_atext _btxt _2rdacontent |
||
| 337 |
_aunmediated _bn _2rdamedia |
||
| 338 |
_avolume _bnc _2rdacarrier |
||
| 650 | 4 |
_aالبيئة المدرسية-الظروف البيئية. التكييف المدرسي-المدارس-الصحة _935578 |
|
| 999 |
_aA14702 _c18270 _d18270 |
||